00774nam a22002177a 450000100060000000300080000600500170001400800410003103500190007204000260009104100080011708200300012510000510015524501030020626000450030930000220035465000150037694200120039199900170040395201360042085811BD-RjUL20251008105620.0251008s1963 pk ||||| |||| 00| 0 urd d a(BD-RjUL)85811 aBD-RjULbengcBD-RjUL aurd 223a891.439209bQUD 1963  aاسلم، محمد ;; aslam muhammad 91710710aڈراما نگاری کا فن ;; Drama i nagari ka fan /cمحمد اسلم ;; Muhammad Aslam  aLahore :b Majlis i taraqi adab ,c1963 a344 p. ; c21 cm  aUrdu drama 2ddccBK c85811d85811 00102ddc40718NFICaRUCLbRUCLcReadingd2025-10-08eSh. Mubarak alig6.50oU 891.439209 QUD 1963 r2025-10-08 00:00:00tC-1yBK